000 00311nam a22001337a 4500
008 170605b xxu||||| |||| 00| 0 eng d
020 _a0941690504
041 _aeng
080 _a94(4)
100 _a18
101 _aSHH
245 _aMYTH BECOMES HISTORY: PRE-CLASSICAL GREECE
_cTHOMAS,C.G
942 _2udc
_cBK
999 _c15887
_d15887